| 000 | | | 03968nmc2a22000003x 450 |
| 001 | | | d21c9c4e-7ac1-41ba-bf8f-73ee89d58181 |
| 005 | | | 20181004235335.0 |
| 100 | ## | $a | 20161215l18161816k l0rusy0189 ca |
| 101 | 0# | $a | rus |
| 102 | ## | $a | RU |
| 200 | 1# | $a | Дело об увольнении от службы с пенсионами артистов: Иванова, Галкина и Серкову. 1) Отношение вице-директора, при котором препроводить: 2) представление об увольнении означенных артистов, положение по нему Театрального комитета; 3) копия с отношения статс-секретаря к министру финансов, при котором препровожден указ; 4) копия с выписки из журнала Комитета министров; 5) копия с отношения статс-секретаря к вице-директору; 6) копия с указа Кабинету |
| | $j | 24 ноября - 5 декабря 1816 г. |
| 251 | ## | $c | Дело |
| 300 | ## | $a | Дело |
| 801 | #0 | $a | RU |
| | $b | РГИА |
| | $c | 20161215 |
| | $g | RCR |
| 801 | #1 | $a | RU |
| | $b | ГлавНИВЦ |
| | $c | 20161215 |
| | $2 | rusmarc |
| 801 | #2 | $a | RU |
| | $b | ПБ им. Б.Н. Ельцина |
| | $c | 20181004 |
| | $g | RCR |
| | $2 | rusmarc |
| 850 | ## | $a | РГИА |
| 852 | ## | $a | РГИА |
| | $e | Федеральное казенное учреждение "Российский государственный исторический архив" (РГИА) |
| | $j | 1479 |
| 937 | ## | $h | РГИА |
| | $d | 12236299 |
| | $a | ASBIBLIO_SCAN |
| 462 | #0 | $1 | 001dd3991dc-24e1-42ec-8838-ca4255420416 |
| | $1 | 2001 |
| | $a | 1746-1850 гг. |
| | $1 | 251 |
| | $c | Опись |
| | $1 | 852 |
| | $j | 1 |
| 461 | #0 | $1 | 0019264ebf8-de62-4f1a-9eb4-9f22098dbbd5 |
| | $1 | 2001 |
| | $a | Дирекция императорских театров МИДв |
| | $1 | 251 |
| | $c | Фонд |
| | $1 | 852 |
| | $j | 497 |
| 215 | ## | $a | 8 л. |
| | $d | 36,5х26 см |
| 371 | ## | $a | Документ не является опубликованным и широко распространяемым |
| 105 | ## | $a | y### |
| 122 | 2# | $a | d |
| 035 | ## | $a | d21c9c4e-7ac1-41ba-bf8f-73ee89d58181 |
| 856 | ## | $u | http://readingroom.main.prlib.ru/item.aspx?id_node=n118918089&mode=full |